000 00824nam a2200241 a 4500
001 000022634
005 20200930021717.0
008 101014s2000 ht 001 0 cpf d
020 _a9789993580201
040 _aDO-SdBNP
_bspa
_cBNPHU
041 0 7 _afr
082 _a917.295
_bC511t
100 1 _aChauvet, Henri,
_d1863-1928
_946583
245 1 0 _aA travers la République d´Haïti :
_brelations de la tournée prêsidentielle dans le nord /
_cHenri Chauvet, Raoul Prophète.
260 _aPort-au-Prince, Haití :
_bFardin,
_c[2000?].
300 _a454 p. ;
_c21 cm.
533 _aFacsímil:
_cParís :
_cImprimerie V Victor Goupy,
_d1894.
546 _aFrancés
651 4 _aHaití
_xDescripciones Y Viajes
_935165
700 1 _aProphète, Raoul
_946584
910 _aValidado. Control de calidad EMS.
049 _aBNPD
999 _c22131
_d22131